000
00318nam a22001337a 4500
008
180802b xxu||||| |||| 00| 0 eng d
082
_a
813.52
245
_a
Medical Terminology for Health Professions
_c
Ehrlich,A
260
_c
2001
300
_a
1
_f
CD
440
_x
9780766813274
760
_b
4th
942
_2
ddc
_c
MX
999
_c
46702
_d
46702